Á lódáil...
War, peace and religion A301 29-30 /
| Formáid: | Printed Book |
|---|---|
| Teanga: | English |
| Foilsithe: |
England :
Open University Press,
1973.
|
| LEADER | 00357nam a2200109Ia 4500 | ||
|---|---|---|---|
| 008 | 150624b xxu||||| |||| 00| 0 eng d | ||
| 245 | |a War, peace and religion A301 29-30 / | ||
| 260 | |a England : |b Open University Press, |c 1973. | ||
| 300 | |a 118 p. | ||
| 942 | |c BK | ||
| 999 | |c 23602 |d 23602 | ||
| 952 | |0 0 |1 0 |4 0 |7 0 |9 23601 |a UL |b UL |c ST1 |d 1998-09-01 |l 0 |p 34707 |r 2012-10-27 |w 2012-10-27 |y BK | ||